+/- esperanza (Record no. 755)
[ view plain ]
| 000 -LEADER | |
|---|---|
| campo de control de longitud fija | 01768nam a22005177a 4500 |
| 008 - DATOS DE LONGITUD FIJA--INFORMACIÓN GENERAL | |
| campo de control de longitud fija | 151019b xxu||||| |||| 00| 0 eng d |
| 020 ## - NÚMERO INTERNACIONAL ESTÁNDAR DEL LIBRO | |
| Número Internacional Estándar del Libro | 9789968982450 |
| 082 ## - NÚMERO DE LA CLASIFICACIÓN DECIMAL DEWEY | |
| Número de clasificación | 708 |
| Número de ítem | V181e |
| 100 ## - ENTRADA PRINCIPAL--NOMBRE DE PERSONA | |
| Nombre de persona | Adán Antonio Vallecillo [curador] |
| 9 (RLIN) | 3766 |
| 245 ## - MENCIÓN DEL TÍTULO | |
| Título | +/- esperanza |
| Mención de responsabilidad, etc. | Adán Antonio Vallecillo [curador], Fiorella Resenterra |
| 246 ## - FORMA VARIANTE DEL TITULO | |
| Título propio/Titulo breve | Esperanza: Muestra colectiva de arte contemporáneo Latinoamericano |
| 260 ## - PUBLICACIÓN, DISTRIBUCIÓN, ETC. | |
| Lugar de publicación, distribución, etc. | San José |
| Nombre del editor, distribuidor, etc. | Museo de Arte y Diseño Contemporánreo (MADC) |
| Fecha de publicación, distribución, etc. | 2010 |
| 300 ## - DESCRIPCIÓN FÍSICA | |
| Extensión | 64 p. |
| Otras características físicas | ill. (col.) |
| Dimensiones | 25 cm. |
| 650 ## - PUNTO DE ACCESO ADICIONAL DE MATERIA--TÉRMINO DE MATERIA | |
| Término de materia o nombre geográfico como elemento de entrada | Arte Contemporáneo |
| Subdivisión geográfica | América Latina |
| 9 (RLIN) | 3767 |
| 650 ## - PUNTO DE ACCESO ADICIONAL DE MATERIA--TÉRMINO DE MATERIA | |
| Término de materia o nombre geográfico como elemento de entrada | Artistas |
| 9 (RLIN) | 3768 |
| 650 ## - PUNTO DE ACCESO ADICIONAL DE MATERIA--TÉRMINO DE MATERIA | |
| Término de materia o nombre geográfico como elemento de entrada | Catálogos de arte |
| 9 (RLIN) | 3769 |
| 650 ## - PUNTO DE ACCESO ADICIONAL DE MATERIA--TÉRMINO DE MATERIA | |
| Término de materia o nombre geográfico como elemento de entrada | Bellas Artes |
| 9 (RLIN) | 3770 |
| 700 ## - ENTRADA AGREGADA--NOMBRE PERSONAL | |
| Nombre de persona | Barraza, Mayra |
| 9 (RLIN) | 3771 |
| 700 ## - ENTRADA AGREGADA--NOMBRE PERSONAL | |
| Nombre de persona | Calel, Edgar |
| 9 (RLIN) | 3772 |
| 700 ## - ENTRADA AGREGADA--NOMBRE PERSONAL | |
| Nombre de persona | Calzadilla, Anyelmaidelin |
| 9 (RLIN) | 3773 |
| 700 ## - ENTRADA AGREGADA--NOMBRE PERSONAL | |
| Nombre de persona | Castillo,Eder |
| 9 (RLIN) | 3774 |
| 700 ## - ENTRADA AGREGADA--NOMBRE PERSONAL | |
| Nombre de persona | Castillo, Segismundo |
| 9 (RLIN) | 3775 |
| 700 ## - ENTRADA AGREGADA--NOMBRE PERSONAL | |
| Nombre de persona | Conlon, Donna |
| 9 (RLIN) | 3740 |
| 700 ## - ENTRADA AGREGADA--NOMBRE PERSONAL | |
| Nombre de persona | Cortés, Fernando |
| 9 (RLIN) | 3776 |
| 700 ## - ENTRADA AGREGADA--NOMBRE PERSONAL | |
| Nombre de persona | Domínguez, Natalia |
| 9 (RLIN) | 3777 |
| 700 ## - ENTRADA AGREGADA--NOMBRE PERSONAL | |
| Nombre de persona | Esquivel, Mauricio |
| 9 (RLIN) | 3778 |
| 700 ## - ENTRADA AGREGADA--NOMBRE PERSONAL | |
| Nombre de persona | Figueroa, Oscar |
| 9 (RLIN) | 3779 |
| 700 ## - ENTRADA AGREGADA--NOMBRE PERSONAL | |
| Nombre de persona | González, Leonardo |
| 9 (RLIN) | 3780 |
| 700 ## - ENTRADA AGREGADA--NOMBRE PERSONAL | |
| Nombre de persona | Harker, Jonathan |
| 9 (RLIN) | 3573 |
| 700 ## - ENTRADA AGREGADA--NOMBRE PERSONAL | |
| Nombre de persona | Ratton, Dominique |
| 9 (RLIN) | 3781 |
| 700 ## - ENTRADA AGREGADA--NOMBRE PERSONAL | |
| Nombre de persona | Dalgo, Patricia |
| 9 (RLIN) | 3782 |
| 700 ## - ENTRADA AGREGADA--NOMBRE PERSONAL | |
| Nombre de persona | Granda, Belén |
| 9 (RLIN) | 3783 |
| 700 ## - ENTRADA AGREGADA--NOMBRE PERSONAL | |
| Nombre de persona | Ibarra, Karlo |
| 9 (RLIN) | 3784 |
| 700 ## - ENTRADA AGREGADA--NOMBRE PERSONAL | |
| Nombre de persona | Linares, Jorge |
| 9 (RLIN) | 3475 |
| 700 ## - ENTRADA AGREGADA--NOMBRE PERSONAL | |
| Nombre de persona | Madriz, Lucía |
| 9 (RLIN) | 3785 |
| 700 ## - ENTRADA AGREGADA--NOMBRE PERSONAL | |
| Nombre de persona | Manzanares, César |
| 9 (RLIN) | 3786 |
| 700 ## - ENTRADA AGREGADA--NOMBRE PERSONAL | |
| Nombre de persona | Miranda, Alexia |
| 9 (RLIN) | 3787 |
| 700 ## - ENTRADA AGREGADA--NOMBRE PERSONAL | |
| Nombre de persona | Molinaro, Martín |
| 9 (RLIN) | 3788 |
| 700 ## - ENTRADA AGREGADA--NOMBRE PERSONAL | |
| Nombre de persona | Obdulio Peña, Omar |
| 9 (RLIN) | 3789 |
| 700 ## - ENTRADA AGREGADA--NOMBRE PERSONAL | |
| Nombre de persona | Oquelí, Jorge |
| 9 (RLIN) | 3790 |
| 700 ## - ENTRADA AGREGADA--NOMBRE PERSONAL | |
| Nombre de persona | Francisco Papas Fritas |
| 9 (RLIN) | 3791 |
| 700 ## - ENTRADA AGREGADA--NOMBRE PERSONAL | |
| Nombre de persona | Poyón, Angel |
| 9 (RLIN) | 2410 |
| 700 ## - ENTRADA AGREGADA--NOMBRE PERSONAL | |
| Nombre de persona | Romero, Miguel |
| 9 (RLIN) | 3792 |
| 700 ## - ENTRADA AGREGADA--NOMBRE PERSONAL | |
| Nombre de persona | Torres, Admín |
| 9 (RLIN) | 3793 |
| 700 ## - ENTRADA AGREGADA--NOMBRE PERSONAL | |
| Nombre de persona | Vega, Simón |
| 9 (RLIN) | 3639 |
| Estatus retirado | Estado de pérdida | Fuente del sistema de clasificación o colocación | Estado de daño | No para préstamo | Biblioteca de origen | Biblioteca actual | Ubicación en estantería | Fecha de adquisición | Total de préstamos | Signatura topográfica completa | Código de barras | Visto por última vez | Precio de reemplazo | Tipo de ítem Koha |
|---|---|---|---|---|---|---|---|---|---|---|---|---|---|---|
| Clasificación Decimal Dewey | Biblioteca LadoV | Biblioteca LadoV | 19/10/2015 | 708 V181e | 000762 | 19/10/2015 | 19/10/2015 | Material 01 |
